| 000 | 00636cam a22002293a 4500 | ||
|---|---|---|---|
| 001 | 4079 | ||
| 003 | PGUSA | ||
| 005 | 20140828083048.0 | ||
| 008 | 030501s2003||||xxu|||||s|||||000 | eng d | ||
| 040 |
_aPGUSA _beng |
||
| 042 | _adc | ||
| 050 | 4 | _aPT | |
| 100 | 1 |
_aHebbel, Friedrich, _d1813-1863 |
|
| 245 | 1 | 0 |
_aAgnes Bernauer _h[electronic resource] / _cFriedrich Hebbel |
| 260 |
_bProject Gutenberg, _c2003 |
||
| 506 | _aPublic domain in the USA. | ||
| 516 | _aElectronic text | ||
| 653 | _aBernauer, Agnes, d. 1435 -- Drama | ||
| 830 | 0 |
_aProject Gutenberg _v4079 |
|
| 856 | 4 | 0 | _uhttp://www.gutenberg.org/ebooks/4079 |
| 942 | _cEB | ||
| 999 |
_c233408 _d233408 |
||